000 00770nam a2200205 a 4500
001 BRCA_2913
005 20190320204027.0
008 121208s1809----mx-a---###---#000-0#spa-#
050 4 _aF1231
_b.S25 1809
100 1 _aSainz de Alfaro y Beaumont, Isidoro
_98107
245 1 0 _aCircular que dirige el señor gobernador de la Sagrada Mitra á los parrocos, eclesiasticos y fieles cristianos del Arzobispado de México, sobre erección de cementerios fuera de las poblaciones
_cIsidoro Sainz de Alfaro y Beumont.
260 _aMéxico
_bMaria Fernandez de Jauregui
_c1809
300 _a36 p.
_c21 cm.
500 _aB41
650 1 4 _aCementerios
_98108
650 1 4 _aEntierros
_98109
650 1 4 _aMéxico
_xVida social y costumbres
_98110
902 _aGFM
942 _2lcc
_cB
999 _c2652
_d2652